History of Mughal India : (Record no. 4911)

MARC details
000 -LEADER
fixed length control field 00560cam a2200193ua 4500
001 - CONTROL NUMBER
control field 5758
005 - DATE AND TIME OF LATEST TRANSACTION
control field 20260515113931.0
008 - FIXED-LENGTH DATA ELEMENTS--GENERAL INFORMATION
fixed length control field 131009n ii |||gr||||Z||||||eng
040 ## - CATALOGING SOURCE
Transcribing agency MAIN
082 ## - DEWEY DECIMAL CLASSIFICATION NUMBER
Classification number 954
245 ## - TITLE STATEMENT
Title History of Mughal India :
Remainder of title A Detailed Study of Political,Economic,Social and Cultural Aspects /
Statement of responsibility, etc. By S.C. Raychoudhury .
250 ## - EDITION STATEMENT
Edition statement 1st ed.
260 ## - PUBLICATION, DISTRIBUTION, ETC.
Place of publication, distribution, etc. Delhi:
Name of publisher, distributor, etc. Surjeet Publications,
Date of publication, distribution, etc. 1984.
300 ## - PHYSICAL DESCRIPTION
Extent vi,373p.
653 ## - INDEX TERM--UNCONTROLLED
Uncontrolled term History
653 ## - INDEX TERM--UNCONTROLLED
Uncontrolled term History of Mughal India
700 ## - ADDED ENTRY--PERSONAL NAME
Personal name Raychoudhury,S.C.,
Relator term Author.,
942 ## - ADDED ENTRY ELEMENTS (KOHA)
Koha item type Books
Holdings
Withdrawn status Lost status Damaged status Not for loan Home library Current library Shelving location Date acquired Total checkouts Full call number Barcode Date last seen Copy number Price effective from Koha item type
        Naharkatiya College Library Naharkatiya College Library General stacks 09/19/2020   954 | RAY 3648 09/19/2020 1 09/19/2020 Books
        Naharkatiya College Library Naharkatiya College Library General stacks 09/19/2020   954 | RAY 3649 09/19/2020 2 09/19/2020 Books